000 00316nam a2200145Ia 4500
008 250402s9999 xx 000 0 und d
020 _a9781138998834
082 _a150
_bCAR-P
100 _aCARR ALAN
245 0 _aPOSITIVE PSYCHOLOGY
250 _a2
260 _bROUTLEDGE
_c2011
300 _a411
942 _cRR
999 _c47958
_d47958